书目信息

书名: 薯芋类蔬菜优质高效栽培技术问答 
作者: 王迪轩 主编
出版信息: 北京   化学工业出版社  2014
开本页数: 21cm  261页, [8] 页图版
丛书名: 现代蔬菜优质高效栽培技术丛书
单 册:
中图分类: S632
科图分类:
主题词: 薯蓣类蔬菜--shu yu lei shu cai--蔬菜园艺--基本知识
电子资源:
ISBN: 978-7-122-20146-1
000 01096nam0 2200265 45
001 012014000000
005 20140820121212.0
010    @a978-7-122-20146-1@dCNY25.00
100    @a20140820d2014 em y0chiy50 ea
101 @achi
102    @aCN@b110000
105    @aa a 000yy
106    @ar
200 @a薯芋类蔬菜优质高效栽培技术问答@Ashu yu lei shu cai you zhi gao xiao zai pei ji shu wen da@f王迪轩主编
210    @a北京@c化学工业出版社@d2014
215    @a261页, [8] 页图版@c图@d21cm
225 @a现代蔬菜优质高效栽培技术丛书@Axian dai shu cai you zhi gao xiao zai pei ji shu cong shu
320    @a有书目
330    @a本书以问答的形式,重点介绍了马铃薯、生姜、甘薯、芋四种薯芋类蔬菜的优质高效栽培技术,并对生产中常见疑难问题进行了重点解析。同时,还重点介绍了目前在薯芋类蔬菜生产中推广应用的无公害栽培技术及主要病虫害防治技术。
410  0 @12001 @a现代蔬菜优质高效栽培技术丛书
606 @a薯蓣类蔬菜@Ashu yu lei shu cai@x蔬菜园艺@x基本知识
690    @aS632@v5
701  0 @a王迪轩@Awang di xuan@4主编
801  0 @aCN@bCDNYKJZYXY@c20140820
905    @aCDNYKJZYXY@dS632@e49@f3
    
    薯芋类蔬菜优质高效栽培技术问答/王迪轩主编.-北京:化学工业出版社,2014
    261页, [8] 页图版:图;21cm.-(现代蔬菜优质高效栽培技术丛书)
    
    
    ISBN 978-7-122-20146-1:CNY25.00
    本书以问答的形式,重点介绍了马铃薯、生姜、甘薯、芋四种薯芋类蔬菜的优质高效栽培技术,并对生产中常见疑难问题进行了重点解析。同时,还重点介绍了目前在薯芋类蔬菜生产中推广应用的无公害栽培技术及主要病虫害防治技术。
相关链接 在五车中查询图书 在当当中查询图书 在豆瓣中查询图书


正题名:薯芋类蔬菜优质高效栽培技术问答     索取号:S632/49         预约/预借

序号 登录号 条形码 馆藏地/架位号 状态 备注
1 472591   300472591   柳城-4楼/17架9列5层/ [索取号:S632/49] 在馆    
2 472592   300472592   柳城-4楼/17架9列5层/ [索取号:S632/49] 在馆    
3 472593   300472593   柳城-4楼/17架9列5层/ [索取号:S632/49] 在馆